| 000 | 01184nam a22002537a 4500 | ||
|---|---|---|---|
| 005 | 20170124103125.0 | ||
| 010 | _aB-172098 | ||
| 020 |
_c600.00 _a8179651126 |
||
| 035 | _aB-172098 | ||
| 037 | _bCen Lib/Ret | ||
| 040 |
_aDPL _bHN |
||
| 082 |
_a398.9 _bचन्द्रशे |
||
| 100 |
_aचन्द्रशेखर आज़ाद _944829 |
||
| 245 |
_aगढ़वाली कहावतों का तुलनात्मक कोश / _cचन्द्रशेखर आज़ाद |
||
| 246 |
_aGadwali kahavaton ka tulnatmak kosh / _bby Chandrashekhar Aazad |
||
| 260 |
_bतक्षशिला प्रकाशन _c2006 _aनई दिल्ली |
||
| 270 |
_a23/4761, अंसारी रोड, दरियागंज _bनई दिल्ली _e110002 |
||
| 300 |
_a455पृ. _c22सेमी(सजिल्द) |
||
| 650 |
_aहिन्दी -- कहावतें _983008 |
||
| 650 |
_aगढ़वाली -- कुमाउनी कहावतें _93276 |
||
| 650 |
_aHindi - proverbs _983009 |
||
| 650 |
_aGarhwali - Kumauni proverbs _983010 |
||
| 942 |
_2ddc _cHN _h398.9 _mचन्द्रशे |
||
| 999 |
_c119029 _d119029 |
||